[Event "POL-ch Academic"]
[Site "Chorzow"]
[Date "2022.04.02"]
[Round "6"]
[White "Karpus, Michal"]
[Black "Adamczewski, Jedrzej"]
[Result "1-0"]
[WhiteElo "2238"]
[BlackElo "1974"]
[PlyCount "75"]
[EventDate "2022.04.01"]
[EventType "swiss (rapid)"]
[EventRounds "9"]
[EventCountry "POL"]
[SourceTitle "EXT 2024"]
[Source "ChessBase"]
[SourceDate "2023.10.10"]
[SourceVersion "1"]
[SourceVersionDate "2023.10.10"]
[SourceQuality "1"]

1. e4 c5 2. Nf3 d6 3. d4 cxd4 4. Nxd4 Nf6 5. Nc3 a6 6. Be3 e6 7. Be2 b5 8. Bf3 b4 9. e5 dxe5 10. Nb3 Qxd1+ 11. Rxd1 e4 12. Nxe4 Nd5 13. Bc5 Nd7 14. Nd6+ Bxd6 15. Bxd6 N7f6 16. 0-0 Bb7 17. Na5 0-0-0 18. Nxb7 Kxb7 19. Bxb4 Kb6 20. Bd2 Rc8 21. Rc1 e5 22. c4 e4 23. Be2 Ne7 24. b4 Rhd8 25. Bc3 Nf5 26. Rfd1 Nd7 27. c5+ Kb7 28. Bc4 a5 29. a3 axb4 30. axb4 Nxc5 31. Rxd8 Rxd8 32. bxc5 f6 33. Bb5 e3 34. fxe3 Nxe3 35. Ba5 Rd1+ 36. Rxd1 Nxd1 37. c6+ Kc8 38. Ba6+ 1-0

[Event "POL-chT Academic"]
[Site "Chorzow"]
[Date "2022.04.02"]
[Round "1.13"]
[White "Karpus, Michal"]
[Black "Pytel, Maciej"]
[Result "1-0"]
[WhiteElo "2238"]
[BlackElo "1787"]
[PlyCount "43"]
[EventDate "2022.04.02"]
[EventType "team-swiss (rapid)"]
[EventRounds "9"]
[EventCountry "POL"]
[SourceTitle "EXT 2024"]
[Source "ChessBase"]
[SourceDate "2023.10.10"]
[SourceVersion "1"]
[SourceVersionDate "2023.10.10"]
[SourceQuality "1"]

1. e4 c5 2. Nf3 e6 3. d4 cxd4 4. Nxd4 a6 5. Be2 b5 6. a4 b4 7. 0-0 Bb7 8. Nd2 Qc7 9. Re1 Bc5 10. N4b3 Ba7 11. Nc4 d5 12. exd5 Bxd5 13. Bf3 Bxf3 14. Qxf3 Qxc4 15. Qxa8 Qc7 16. Qe4 Nf6 17. Qxb4 Nd5 18. Qe4 0-0 19. Bg5 Nd7 20. a5 Rc8 21. c4 Qxc4 22. Rac1 1-0

[Event "POL-chT Academic"]
[Site "Chorzow"]
[Date "2022.04.02"]
[Round "3.13"]
[White "Karpus, Michal"]
[Black "Wisniowska, Klaudia"]
[Result "1-0"]
[WhiteElo "2238"]
[BlackElo "2066"]
[PlyCount "87"]
[EventDate "2022.04.02"]
[EventType "team-swiss (rapid)"]
[EventRounds "9"]
[EventCountry "POL"]
[SourceTitle "EXT 2024"]
[Source "ChessBase"]
[SourceDate "2023.10.10"]
[SourceVersion "1"]
[SourceVersionDate "2023.10.10"]
[SourceQuality "1"]

1. e4 c5 2. Nf3 d6 3. d4 cxd4 4. Nxd4 Nf6 5. Nc3 Nc6 6. Bg5 Bd7 7. Qd2 Rc8 8. 0-0-0 Nxd4 9. Qxd4 Qa5 10. Bxf6 gxf6 11. f4 Qc5 12. Qd2 h5 13. Be2 b5 14. Kb1 a5 15. Bf3 a4 16. e5 fxe5 17. fxe5 Bh6 18. Qd3 a3 19. Nd5 Be6 20. exd6 Qxd6 21. Rhe1 Kf8 22. Qd4 Bg7 23. Qa7 Qc5 24. Qxc5 Rxc5 25. b4 Rc8 26. Nb6 Rb8 27. Rxe6 fxe6 28. Nd7+ Kf7 29. Nxb8 Rxb8 30. Bxh5+ Kf6 31. Be2 Bh6 32. Rd3 Ra8 33. Rf3+ Ke5 34. Bxb5 Bd2 35. c3 Rc8 36. Kc2 Bf4 37. g3 Bh6 38. Kb3 Bc1 39. Rf1 Bb2 40. Bc4 Kd6 41. Rd1+ Kc7 42. Bxe6 Rh8 43. h4 Rh7 44. c4 1-0

[Event "POL-ch Academic"]
[Site "Chorzow"]
[Date "2022.04.01"]
[Round "2"]
[White "Karpus, Michal"]
[Black "Pilzak, Marcin"]
[Result "1-0"]
[WhiteElo "2238"]
[BlackElo "1802"]
[PlyCount "117"]
[EventDate "2022.04.01"]
[EventType "swiss (rapid)"]
[EventRounds "9"]
[EventCountry "POL"]
[SourceTitle "EXT 2024"]
[Source "ChessBase"]
[SourceDate "2023.10.10"]
[SourceVersion "1"]
[SourceVersionDate "2023.10.10"]
[SourceQuality "1"]

1. Nf3 d5 2. g3 Nf6 3. Bg2 Bf5 4. 0-0 e6 5. d3 h6 6. Nbd2 Be7 7. c4 c6 8. a3 a5 9. b3 0-0 10. Bb2 Nbd7 11. Ra2 Qc7 12. Qa1 Bd6 13. Rc1 Bh7 14. cxd5 exd5 15. Nd4 Be7 16. e4 dxe4 17. dxe4 Rfe8 18. Nf5 Bxf5 19. exf5 Rad8 20. Bd4 Bf8 21. Nc4 Bc5 22. Bc3 a4 23. b4 Ba7 24. b5 cxb5 25. Ba5 b6 26. Ne3 Nc5 27. Bb4 Qe5 28. Bc3 Qe7 29. Qb1 Nb3 30. Re1 Qc7 31. Rc2 Qd6 32. Qb2 Bb8 33. Bb4 Qd4 34. Bc6 Qxb2 35. Rxb2 Re5 36. f4 Rc5 37. Bxc5 bxc5 38. Bxb5 Ba7 39. Nc4 Bb8 40. Bxa4 Nd4 41. Kg2 Nd5 42. Bd1 Nc3 43. Bf3 Nxf5 44. Rc2 Nb5 45. Rd1 Nbd4 46. Rb2 Bc7 47. Rb7 Bd6 48. Be4 g6 49. Bxf5 gxf5 50. a4 Bf8 51. a5 Re8 52. Rd2 Re1 53. a6 Ra1 54. a7 Nc6 55. Rdd7 Ra2+ 56. Kf1 Nd4 57. Rd8 Nc6 58. Rxf8+ Kxf8 59. Rb8+ 1-0

[Event "POL-ch Academic"]
[Site "Chorzow"]
[Date "2022.04.01"]
[Round "1"]
[White "Prokopiuk, Mateusz"]
[Black "Karpus, Michal"]
[Result "0-1"]
[WhiteElo "1528"]
[BlackElo "2238"]
[PlyCount "86"]
[EventDate "2022.04.01"]
[EventType "swiss (rapid)"]
[EventRounds "9"]
[EventCountry "POL"]
[SourceTitle "EXT 2024"]
[Source "ChessBase"]
[SourceDate "2023.10.10"]
[SourceVersion "1"]
[SourceVersionDate "2023.10.10"]
[SourceQuality "1"]

1. d4 Nf6 2. c4 e6 3. Nc3 Bb4 4. Qc2 d5 5. e3 0-0 6. Nf3 b6 7. cxd5 exd5 8. Be2 a6 9. 0-0 Bb7 10. a3 Bd6 11. b4 Nbd7 12. Na4 Ne4 13. Bb2 Qe7 14. Nd2 f5 15. Nc3 Ndf6 16. Ndxe4 fxe4 17. Rac1 Kh8 18. b5 a5 19. a4 Rf7 20. Qb3 Raf8 21. h3 Qe6 22. Ba3 Bxa3 23. Qxa3 Qf5 24. f3 Qg5 25. Nd1 Bc8 26. Kh2 Nh5 27. g4 exf3 28. Nb2 Qh4 29. Bxf3 Qg3+ 30. Kh1 Qxh3+ 31. Kg1 Ng3 32. Rf2 h6 33. Rcc2 Rxf3 34. Qxf8+ Rxf8 35. Rxf8+ Kh7 36. Rh2 Qxg4 37. Rg2 Bf5 38. Rxf5 Qxf5 39. Rxg3 Qb1+ 40. Kh2 Qxb2+ 41. Rg2 Qc3 42. Re2 Qd3 43. Re1 Qd2+ 0-1

[Event "EU-ch Rapid"]
[Site "Katowice"]
[Date "2021.12.19"]
[Round "9"]
[White "Nasuta, Grzegorz"]
[Black "Karpus, Michal"]
[Result "1-0"]
[WhiteElo "2521"]
[BlackElo "2185"]
[PlyCount "91"]
[EventDate "2021.12.18"]
[EventType "swiss (rapid)"]
[EventRounds "11"]
[EventCountry "POL"]
[SourceTitle "CBM 205 Extra"]
[Source "ChessBase"]
[SourceDate "2022.01.31"]
[SourceVersion "1"]
[SourceVersionDate "2022.01.31"]
[SourceQuality "1"]

1. e4 e5 2. Nf3 Nc6 3. d4 exd4 4. Nxd4 Bc5 5. Nb3 Bb6 6. Nc3 Nf6 7. Bg5 h6 8. Bh4 d6 9. Bb5 a6 10. Bxc6+ bxc6 11. Qe2 0-0 12. 0-0-0 Qe7 13. f3 Qe5 14. g4 d5 15. Bxf6 Qxf6 16. exd5 Bb7 17. Kb1 Rfe8 18. Qg2 Rad8 19. Ne4 Qg6 20. Nbc5 Bc8 21. Nd3 cxd5 22. Nf4 Qc6 23. Nc3 d4 24. Ne4 d3 25. Rxd3 Rxd3 26. Nxd3 f5 27. gxf5 Bxf5 28. Re1 Kh8 29. Qg3 Qd5 30. Qf4 Bg6 31. Qg3 Bf7 32. Nc3 Rxe1+ 33. Qxe1 Qxf3 34. Ne5 Qf5 35. Nxf7+ Qxf7 36. a3 Ba5 37. b4 Bb6 38. Qe4 Qf1+ 39. Kb2 Qf2 40. Qe8+ Kh7 41. Qe4+ Kh8 42. Nd5 Qxh2 43. Qe8+ Kh7 44. Qe4+ Kh8 45. Ne7 Qd6 46. Qa8+ 1-0